000 00225 a2200097 4500
001 51513
100 _aCook N H
245 _aMechanics and Materials for Design
260 _aNew York
_bMcGraw Hill
_c
090 _c32631
_d32631
942 _aNUST-CAE
_cM
_c25149
999 _c286586
_d286586